00734nam a2200241 a 4500001001300000003000900013005001700022008004100039020001000080082001400090100002200104245007700126260004900203300000800252500003500260505001700295650001300312700002200325902000800347942000700355952011500362999001500477nice12345678IN_TiNIC20260116012916.0050524s1984 usaa grp 000 0 eng  ac10000a266bFOR1 aForman, Charles W aTo Renew a Right Spiritb Fresh Challenge & Fresh Channels for Missions. aUsabDivision of International Missionc1984 a49p aincludes index and biblioraphy2 aBibliography aMissions1 aForman, Charles W bSRS cBK 001040708StackRoom-aHMIbHMId2007-07-11g100.00l0o266 FOR1p012425r2007-07-11v100.00w2005-05-24yBK c8846d8846